000 00619nam a2200193Ia 4500
003 GCL
008 140319s9999 xx 000 0 ara d
040 _aGCL /
_cGCL
082 0 4 _a940.18
_bك ش
100 1 _aاحمد الشيخ
245 1 0 _aالشرق والغرب زمن الحروب الصليبية /
_cاحمد الشيخ
700 1 _aكاهن , كلود
300 _a382 ص
490 _a
650 0 4 _aالحروب الصليبية
650 0 4 _aالحروب الصليبية فى فلسطين والشام
650 0 4 _aالتاريخ الاسلامى - الدولةالايوبي
942 _2ddc
_cBK
999 _c47906
_d47906